Cours de Droit Commercial / (Record no. 161363)

MARC details
000 -LEADER
campo de control de longitud fija 00713nam a22002175i 4500
001 - NÚMERO DE CONTROL
campo de control 161363
003 - IDENTIFICADOR DE NÚMERO DE CONTROL
campo de control ES-MaACL
005 - FECHA Y HORA DE LA ÚLTIMA TRANSACCIÓN
campo de control 20230906212254.0
008 - DATOS DE LONGITUD FIJA--INFORMACIÓN GENERAL
campo de control de longitud fija 990119m18561857fr |||| | fre d
040 ## - FUENTE DE CATALOGACIÓN
Centro catalogador/agencia de origen CCPB | B
Lengua de catalogación spa
Centro/agencia transcriptor CCPB | B
100 1# - ENTRADA PRINCIPAL--NOMBRE DE PERSONA
Nombre de persona Pardessus, J.M.
9 (RLIN) 130829
245 10 - MENCIÓN DEL TÍTULO
Título Cours de Droit Commercial /
Mención de responsabilidad, etc. par J. M. Pardessus.
250 ## - MENCION DE EDICION
Mención de edición 6e ed.
Resto de la mención de edición publiée par Eugène de Rozière.
260 ## - PUBLICACIÓN, DISTRIBUCIÓN, ETC.
Lugar de publicación, distribución, etc. París :
Nombre del editor, distribuidor, etc. Henri Plon, Libraire-éditeur,
Fecha de publicación, distribución, etc. 1856-1857.
300 ## - DESCRIPCIÓN FÍSICA
Extensión 4 v. ;
Dimensiones 21 cm.
597 #1 - NOTA DE DESCRIPCIÓN FÍSICA
NOTA DE DESCRIPCIÓN FÍSICA Antep.
650 #4 - PUNTO DE ACCESO ADICIONAL DE MATERIA--TÉRMINO DE MATERIA
Término de materia o nombre geográfico como elemento de entrada Derecho mercantil-
Subdivisión geográfica Francia.
9 (RLIN) 135893
700 10 - ENTRADA AGREGADA--NOMBRE PERSONAL
Nombre de persona Rozière, Eugene de,
Término indicativo de función/relación
9 (RLIN) 132140
752 ## - ENTRADA AGREGADA--NOMBRE JERÁRQUICO DEL LUGAR
País o entidad superior Francia -
Ciudad París
852 ## - LOCALIZACIÓN
Ubicación ES-MaACL
Número de control de estantería F-14484-14487
Nota libre -- Enc. hol.
Holdings
Estatus retirado Estado de pérdida Estado de daño No para préstamo Colección Biblioteca de origen Biblioteca actual Ubicación en estantería Fecha de adquisición Fuente de adquisición Total de préstamos Signatura topográfica completa Código de barras Visto por última vez Precio de reemplazo Tipo de ítem Koha
        Libros del s. XIX Biblioteca del Ateneo de Madrid Biblioteca del Ateneo de Madrid Sala Pecera Planta 2 17/01/2008     F-14484-14487 1169025 23/02/2023 23/02/2023 Libro impreso antiguo